| 000 | 00413nam a2200157Ia 4500 | ||
|---|---|---|---|
| 003 | GCL | ||
| 008 | 140319s9999 xx 000 0 eng d | ||
| 040 |
_aGCL / _cGCL |
||
| 082 | 0 | 4 |
_a539 _bR M |
| 100 | 1 | _aROHLF, JAMES WILLIAM | |
| 245 | 1 | 0 |
_aMODERN PHYSICS FROM A TO Z / _cROHLF, JAMES WILLIAM |
| 260 |
_a[S.N] : _bJOHN WILEY AND SONS. INC ، _c1994 |
||
| 300 | _a646\P | ||
| 650 | 0 | 4 | _aPHYSICS |
| 942 |
_2ddc _cBK |
||
| 999 |
_c19924 _d19924 |
||